000
00293nam a22001337a 4500
008
171226b xxu||||| |||| 00| 0 eng d
020
_a
9781111835477
041
_a
eng
080
_a
32
100
_a
19
101
_a
POL
245
_a
THE CHALLENGE OF DEMOCRACY
_c
JANDA,K
942
_2
udc
_c
BK
999
_c
39403
_d
39403